| 000 | 00428nam a22001817a 4500 | ||
|---|---|---|---|
| 003 | MPLRDC | ||
| 005 | 20220104144526.0 | ||
| 008 | 210129b ||||| |||| 00| 0 eng d | ||
| 020 | _a7-5063-2300-1 | ||
| 082 | _a782.879 PJ-2 | ||
| 100 | _a贾英华 | ||
| 245 |
_a末代皇弟溥杰传 _c |
||
| 250 | _a初版 | ||
| 260 |
_a _b作家出版社 _c2002 |
||
| 300 | _b平 | ||
| 650 | _a溥杰传记 | ||
| 942 |
_cBK _o782.879 PJ-2 |
||
| 999 |
_c50463 _d50453 |
||